Podnikateľské riziká z chybného pracovného štýlu

Obchodné príležitosti a spoločenské udalosti. Alkohol na pracovisku. Odmietanie asertívnosti medzi podnikateľmi. Pravidlá asertívneho správania sa. Asertívna kritika.

Uložené v:
Podrobná bibliografia
Hlavný autor: Burák, Emil
Médium: Kapitola
Jazyk:Slovak
Predmet:
Tagy: Pridať tag
Žiadne tagy, Buďte prvý, kto otaguje tento záznam!

MARC

LEADER 00000naa$a2200000$$$4500
001 0040123
005 20231006121539.0
041 0 |a slo 
044 |a SK 
245 1 0 |a Podnikateľské riziká z chybného pracovného štýlu  |c Emil Burák 
520 |a Obchodné príležitosti a spoločenské udalosti. Alkohol na pracovisku. Odmietanie asertívnosti medzi podnikateľmi. Pravidlá asertívneho správania sa. Asertívna kritika. 
610 2 0 |a štýl pracovný 
610 2 0 |a asertivita 
610 2 0 |a alkoholizmus 
610 2 0 |a pracovisko 
610 2 0 |a komunikácia 
610 2 0 |a podnikatelia 
610 2 0 |a stresy 
610 2 0 |a rokovania obchodné 
610 2 0 |a správanie 
610 2 0 |a riziko podnikateľské 
100 1 |a Burák, Emil